000 00615nam a2200193 i 4500
001 bg
100 1 _aSTARCZYŃSKA, Ewa
245 1 0 _aJęzyk rosyjski dla studentów Wydziału Inżynierii Lądowej /
_cEwa Starczyńska, Krzysztof Starczyński.
260 _aWarszawa :
_bWydawnictwa Politechniki Warszawskiej,
_c1987.
650 9 _aJęzyk rosyjski
650 9 _aBudownictwo
_xterminologia
655 _aPodręczniki akademickie
700 1 _aSTARCZYŃSKI, Krzysztof
040 _cBPK
041 0 _arus
_bpol
080 _a811.161.1::624+69](075.8)
942 _cKS
008 s pl f |000 0 pol
999 _c10620
_d10620
856 _uhttp://koha.tu.koszalin.pl/cgi-bin/koha/opac-detail.pl?biblionumber=10620
_yKatalog online BPK